| 000 | 00810nam a22003130a 4500 | ||
|---|---|---|---|
| 001 | PT53586 | ||
| 003 | AR-LpoUNG | ||
| 005 | 20210131231607.0 | ||
| 008 | 191001s2009||||sp |||||||||||||||||spa d | ||
| 020 |
_a9788426368591 _c$24 |
||
| 040 |
_aAR-LpoUNG _bspa _cAR-LpoUNG _eaacr |
||
| 041 | _aspa | ||
| 044 | _asp | ||
| 082 | 0 | _a808.068 3 33mej | |
| 100 | 1 | _aJanisch, Heinz | |
| 245 | 1 | 4 | _aLos mejores días |
| 250 | _a1ra. ed. | ||
| 260 |
_aMadrid : _bEdelvives, _c2009. |
||
| 300 |
_a[25] p. : _bil. |
||
| 505 | 0 | _aSugerido a partir de 0 años (etiqueta ROJA) | |
| 650 | 4 | _aCUENTOS | |
| 650 | 4 | _aLITERATURA | |
| 651 | 4 | _aDOCUMENTOS TEORICOS O METODOLOGICOS | |
| 653 | _aLITERATURA INFANTIL | ||
| 700 | 1 | _aBansch, Helga | |
| 700 | 1 |
_aSchleper, Frank _etr. |
|
| 905 | _a53586 | ||
| 942 | _cLIB | ||
| 999 |
_c10900 _d10900 |
||